000 00623nam a2200217Ii 4500
001 18743
003 CO-ViMGA
008 241108s9999||||xx |||||||||||||| ||und||
020 _a9509216496
040 _aCO-ViMGA
_bspa
_erda
_cCO-ViMGA
041 0 _aspa
082 0 4 _a155.34 O16c
100 1 _aDagmar O'Connor
_945874
245 1 0 _aCómo hacer el amor ... con amor !!!
264 1 _aBogotá, Colombia : Planeta Colombia, 1993
300 _avolumen
336 _atext
_btxt
_2rdacontent
337 _aunmediated
_bn
_2rdamedia
338 _avolume
_bnc
_2rdacarrier
940 _aidficha_siabuc: 18402. -- ficha_no_siabuc:18743
999 _c40415
_d40415